00480 2200193 4500001002100000005001500021008004100036020001800077035001900095041000700114082001000121090001600131100001700147245003100164250001500195260003300210300002700243650001600270INLIS00000000000130320241224112326241224||||||||| | ||| |||| || |  a979-003-022-3 0010-1224001303 aid0 a371.1 a371.1 HID a0 aHeri Hidayat00aAktivitas Mengajar Anak TK aMaret 2007 bJasa Grafika Indonesiac2007 axiii, 194 hlm. ; 25 cm 0aIlmu Sosial